| 000 -LEADER |
| fixed length control field |
nam a22 a 4500 |
| 003 - CONTROL NUMBER IDENTIFIER |
| control field |
AKMAL |
| 005 - DATE AND TIME OF LATEST TRANSACTION |
| control field |
20170519090411.0 |
| 008 - FIXED-LENGTH DATA ELEMENTS--GENERAL INFORMATION |
| fixed length control field |
170519t19931997si a e 000 0 eng d |
| 020 ## - INTERNATIONAL STANDARD BOOK NUMBER |
| International Standard Book Number |
997164309X |
| Qualifying information |
paperback |
| 039 #9 - LEVEL OF BIBLIOGRAPHIC CONTROL AND CODING DETAIL [OBSOLETE] |
| Level of rules in bibliographic description |
201406200928 |
| Level of effort used to assign nonsubject heading access points |
marsila |
| Level of effort used to assign subject headings |
201406171042 |
| Level of effort used to assign classification |
norizan |
| Level of effort used to assign subject headings |
201406171042 |
| Level of effort used to assign classification |
norizan |
| Level of effort used to assign subject headings |
201406171040 |
| Level of effort used to assign classification |
norizan |
| 040 ## - CATALOGING SOURCE |
| Original cataloging agency |
AKMAL |
| Language of cataloging |
eng |
| Transcribing agency |
AKMAL |
| 082 04 - DEWEY DECIMAL CLASSIFICATION NUMBER |
| Classification number |
658 ZIG |
| Edition number |
23 |
| 090 20 - LOCALLY ASSIGNED LC-TYPE CALL NUMBER (OCLC); LOCAL CALL NUMBER (RLIN) |
| Classification number (OCLC) (R) ; Classification number, CALL (RLIN) (NR) |
658 |
| Local cutter number (OCLC) ; Book number/undivided call number, CALL (RLIN) |
ZIG |
| 100 1# - MAIN ENTRY--PERSONAL NAME |
| Personal name |
Ziglar, Zig, |
| Relator term |
author. |
| 9 (RLIN) |
1448 |
| 245 10 - TITLE STATEMENT |
| Title |
SEE YOU AT THE TOP / |
| Statement of responsibility, etc. |
ZIG ZIGLAR ; ILLUSTRATED BY AL MAYTON |
| 264 #1 - PRODUCTION, PUBLICATION, DISTRIBUTION, MANUFACTURE, AND COPYRIGHT NOTICE |
| Place of production, publication, distribution, manufacture |
Singapore : |
| Name of producer, publisher, distributor, manufacturer |
Heinemann Asia, |
| Date of production, publication, distribution, manufacture, or copyright notice |
1993 |
| 264 #4 - PRODUCTION, PUBLICATION, DISTRIBUTION, MANUFACTURE, AND COPYRIGHT NOTICE |
| Date of production, publication, distribution, manufacture, or copyright notice |
©1975 |
| 300 ## - PHYSICAL DESCRIPTION |
| Extent |
382 pages : |
| Other physical details |
illustrations ; |
| Dimensions |
22 cm. |
| 336 ## - CONTENT TYPE |
| Content type term |
text |
| Source |
rdacontent |
| 337 ## - MEDIA TYPE |
| Media type term |
unmediated |
| Source |
rdamedia |
| 338 ## - CARRIER TYPE |
| Carrier type term |
volume |
| Source |
rdacarrier |
| 490 1# - SERIES STATEMENT |
| Series statement |
Professional improvement series |
| 500 ## - GENERAL NOTE |
| General note |
Earlier edition has title: Biscuits, fleas and pump handles |
| 500 ## - GENERAL NOTE |
| General note |
Gift |
| 650 10 - SUBJECT ADDED ENTRY--TOPICAL TERM |
| Topical term or geographic name entry element |
Success |
| 9 (RLIN) |
2 |
| 650 20 - SUBJECT ADDED ENTRY--TOPICAL TERM |
| Topical term or geographic name entry element |
Executive ability |
| 9 (RLIN) |
1222 |
| 650 20 - SUBJECT ADDED ENTRY--TOPICAL TERM |
| Topical term or geographic name entry element |
Self-culture |
| 9 (RLIN) |
1052 |
| 830 #0 - SERIES ADDED ENTRY--UNIFORM TITLE |
| Uniform title |
Professional improvement series |
| 9 (RLIN) |
6290 |
| 942 ## - ADDED ENTRY ELEMENTS (KOHA) |
| Source of classification or shelving scheme |
|
| Koha item type |
Book |